Unter falscher Flagge - Statistiken

Allgemein
  • Dieses Quiz wurde 32 mal gespielt
  • Das Durchschnittsergebnis liegt bei 21 aus 24
Antwortstatistiken
% Korrekt
Südafrika falsch orange
100%
Südafrika korrekt rot
97%
Aserbaidschan falsch gelb
93%
Uganda falsch grün
93%
Botswana falsch orange
93%
Jamaika falsch pink
93%
Senegal falsch schwarz
93%
Bulgarien falsch blau
90%
Seychellen falsch braun
90%
Uganda korrekt gelb
90%
Jamaika korrekt gelb
90%
Ägypten falsch grün
90%
Elfenbeinküste korrekt orange
90%
Senegal korrekt rot
90%
Bulgarien korrekt rot
90%
Ägypten korrekt schwarz
90%
Elfenbeinküste falsch schwarz
90%
Mongolei falsch weiß
90%
Aserbaidschan korrekt grün
87%
Ruanda falsch rot
87%
Mongolei korrekt blau
80%
Botswana korrekt schwarz
80%
Ruanda korrekt grün
73%
Seychellen korrekt weiß
73%
Keine übereinstimmenden Quizze gefunden
Verteilung der Resultate
Anzahl Personen mit jedem Resultat
Perzentil nach korrekt beantworteten Fragen
Ihre Resultats-Entwicklung
Sie haben dieses Quiz noch nicht gespielt